Monte Cassino /

Hlavní autor: Hrbek, Jaroslav, 1951-2009
Jazyk: Čeština
Vydáno: Praha : Naše vojsko, 1995
Vydání: Vyd. 1.
Edice: Malé dějiny válek
Témata:
Fyzický popis: 251 s., [24] s. obrazových příloh ; 21 cm
Knihy
Uloženo v:
LEADER 01416nam a2200397 a 4500
001 000033745
003 CZ BrMZK
005 20230510132736.0
007 ta
008 950313s1995 xr e 0 cze d
015 |a cnb000107786 
020 |a 80-206-0291-7 
040 |a BOA001  |b cze 
043 |a e-it--- 
045 |a x4x4 
072 7 |a 355/359  |x Vojenství. Obrana země. Ozbrojené síly  |2 Konspekt  |9 15 
080 |a 355.483(450.628)"1944"  |2 MRF 
080 |a 355.48(100)"1939/1945"  |2 MRF 
080 |a (450)  |2 MRF 
080 |a (0:82-96)  |2 MRF 
100 1 |a Hrbek, Jaroslav,  |d 1951-2009  |7 jn19990009846  |4 aut 
245 1 0 |a Monte Cassino /  |c Jaroslav Hrbek 
250 |a Vyd. 1. 
260 |a Praha :  |b Naše vojsko,  |c 1995 
300 |a 251 s., [24] s. obrazových příloh ;  |c 21 cm 
490 1 |a Malé dějiny válek ;  |v sv. 7 
648 7 |a 1944  |7 ch967320 
648 7 |a 1939-1945  |7 ch460653 
650 0 7 |a bitva o Monte Cassino (1944 : Cassino, Itálie)  |7 ph311298  |2 czenas 
650 0 7 |a druhá světová válka (1939-1945)  |z Itálie  |7 ph117270  |2 czenas 
655 7 |a literatura faktu  |7 fd132773  |2 czenas 
830 0 |a Malé dějiny válek  |0 s 
910 |a BOA001  |b 2-1013.271 
990 |a BK 
996 7 |b 2610026588  |c 2-1013.271  |l MZK  |r Sklad / do 1 hodiny  |n 22  |p p.v.  |w 000033745  |u 000010  |a 1  |e BOA001  |j MZK50  |s A 
996 6 |b 2610606104  |c 2-1013.271  |l MZK  |r Sklad / do 1 hodiny  |n 0  |p dar  |w 000033745  |u 000020  |a 1  |e BOA001  |j MZK50  |s P